| 000 | 00559nam a2200181Ia 4500 | ||
|---|---|---|---|
| 003 | GCL | ||
| 005 | 20240530103108.0 | ||
| 008 | 140319s9999 xx 000 0 ara d | ||
| 040 |
_aGCL / _cGCL |
||
| 082 | 0 | 4 |
_a920 _bم ت |
| 100 | 1 | _aمحمد عبدالله عنان | |
| 245 | 1 | 0 |
_aتراجم اسلامية شرقية واندلسية / _cمحمد عبدالله عنان |
| 250 | _aط2 | ||
| 260 |
_aالقاهرة : _bمكتبة الخانجى ، _c1970 |
||
| 300 |
_a418 ص؛ _c24 سم |
||
| 650 | 0 | 4 | _aالانساب العربية |
| 942 |
_2ddc _cBK |
||
| 999 |
_c36790 _d36790 |
||